Central Library OPAC University of Rajshahi

Fundamentals of radio-valve technique : (Record no. 66868)

MARC details
000 -LEADER
fixed length control field 01052nam a22002531a 4500
001 - CONTROL NUMBER
control field 66868
003 - CONTROL NUMBER IDENTIFIER
rucl marc code BD-RjUL
005 - DATE AND TIME OF LATEST TRANSACTION
control field 20211209081603.0
008 - FIXED-LENGTH DATA ELEMENTS--GENERAL INFORMATION
fixed length control field 170321s1949 xx b 001 0 eng
035 ## - SYSTEM CONTROL NUMBER
System control number (BD-RjUL)66999
System control number (OCoLC)1117192
040 ## - CATALOGING SOURCE
Original cataloging agency DLC
Transcribing agency NhD
Modifying agency DLC
-- BD-RjUL
Language of cataloging eng
041 ## - LANGUAGE CODE
Language code of text/sound track or separate title eng
082 ## - DEWEY DECIMAL CLASSIFICATION NUMBER
Classification number 621.384132
Edition number 23
Author mark and year DEF 1949
100 1# - MAIN ENTRY--PERSONAL NAME
Personal name Deketh, Jan.
9 (RLIN) 198506
245 10 - TITLE STATEMENT
Title Fundamentals of radio-valve technique :
Remainder of title an introduction to the physical fundamentals, properties, designs and applications of radio-receiver and power-amplifier valves covering the technical development reached up to December, 1947 /
Statement of responsibility, etc. Translated by F.G. Garratt
260 ## - PUBLICATION, DISTRIBUTION, ETC. (IMPRINT)
Place of publication, distribution, etc. Eindhoven,
Name of publisher, distributor, etc. N.V. Philips' Gloeilampenfabrieken, Technical and Scientific Literature Dept.,
Date of publication, distribution, etc. 1949.
300 ## - PHYSICAL DESCRIPTION
Pagination 022, 535 p. :
Illustrations illus. ;
Size 24 cm.
490 1# - SERIES STATEMENT
Series statement Philips' technical library. Series of books on electronic valves, book 1
504 ## - BIBLIOGRAPHY, ETC. NOTE
Bibliography, etc Bibliography: p. 513-521.
650 #0 - SUBJECT ADDED ENTRY--TOPICAL TERM
Topical term or geographic name as entry element Vacuum-tubes.
9 (RLIN) 198507
700 ## - ADDED ENTRY--PERSONAL NAME
Personal name Garratt, F.G.
942 ## - ADDED ENTRY ELEMENTS (KOHA)
Source of classification or shelving scheme Dewey Decimal Classification
Koha item type Books
Holdings
Lost status Source of classification or shelving scheme Damaged status Not for loan Collection code Permanent Location Current Location Shelving location Date acquired Source of acquisition Cost, normal purchase price Total Checkouts Full call number Date last seen Copy number Koha item type
  Dewey Decimal Classification   Not For Loan Non-fiction Central Library, University of Rajshahi Central Library, University of Rajshahi Reading Room 09/12/2021 Feroz Sons 21.14   621.384132 DEF 1949 22/03/2017 C-1 Books